000
00311nam a22001337a 4500
003
SGT
082
_a
640
_b
T16N
100
_a
NORTH INDIA HOTELS
245
_a
THE FINEST HOTELS OF NORTH INDIA
260
_a
NEW DELHI
_b
DIRECTORY OF HOTELS
_c
2016
300
_a
160
650
_a
HOTEL MANAGEMENT
942
_2
ddc
_c
BK
999
_c
13000
_d
13000